[Event "3rd V Nabokov Mem"]
[Site "Kiev UKR"]
[Date "2005.04.22"]
[Round "4"]
[White "Matorin,E"]
[Black "Solomaha,A"]
[Result "0-1"]
[WhiteElo "2311"]
[BlackElo "2384"]

1.Nf3 Nf6 2.c4 g6 3.g3 Bg7 4.Bg2 O-O 5.O-O d6 6.d4 Nbd7 7.Nc3 e5 8.e4 c6
9.h3 Qb6 10.dxe5 dxe5 11.b3 Re8 12.Be3 Qb4 13.Qc2 Nc5 14.Rfc1 Nfd7 15.Bd2 Qb6
16.b4 Ne6 17.c5 Qxb4 18.Na4 Qa3 19.Rab1 b5 20.cxb6 axb6 21.Nxb6 Nxb6 22.Rxb6 c5
23.Rb2 Nd4 24.Nxd4 exd4 25.e5 d3 26.Qb1 Bxe5 27.Rb3 Qxa2 28.Bxa8 Qxa8 29.Qxd3 Bxh3
30.Qf3 Qa2 31.Rb7 Be6 32.Rxc5 Bd4 33.Qc6 Qxd2 34.Qxe8+ Kg7  0-1

[Event "ch-UKR u20"]
[Site "Lviv UKR"]
[Date "2005.04.23"]
[Round "5"]
[White "Derjabin,I"]
[Black "Vovk,Y"]
[Result "1/2-1/2"]
[WhiteElo "2391"]
[BlackElo "2434"]

1.Nf3 Nf6 2.g3 g6 3.Bg2 Bg7 4.c4 O-O 5.O-O d6 6.d4 Nbd7 7.Nc3 e5 8.e4 c6
9.h3 Qa5 10.d5 cxd5 11.cxd5 b5 12.Nd2 b4 13.Ne2 Ba6 14.Nb3 Qb5 15.Re1 Rfc8
16.a3 Qd3 17.Qxd3 Bxd3 18.axb4 Rc4 19.Nc3 Rxb4 20.Ra3 Bf8 21.Na5 Nc5 22.Nc6 Rb3
23.Rxb3 Nxb3 24.Be3 a5 25.Bf1 Bxf1 26.Kxf1 Nd7 27.Ke2 Ndc5 28.f3 Ra6 29.Rd1 Rb6
30.Rb1 a4 31.Kd1 Rb7 32.Kc2 f5 33.exf5 gxf5 34.Bxc5 Nxc5 35.Ra1 e4 36.fxe4 fxe4
37.Nxa4 Nd3 38.Rf1 Rb5 39.Rf5 Bg7 40.b3 Ne1+ 41.Kd1 Ng2 42.Ne7+ Kh8 43.Rf7 Rxb3
44.Kc2 Rxg3 45.Nb6 Ne3+ 46.Kd2 Bh6 47.Ke2 Rxh3 48.Nbc8 Rh2+ 49.Rf2 Rxf2+
50.Kxf2 Nc4 51.Kg3 Be3 52.Nf5 Bc5 53.Nce7 e3 54.Kf3 Ne5+ 55.Ke2 Ng6 56.Kf3 Ne5+
57.Ke2 h5 58.Nxe3 h4 59.Nf1 Kh7 60.Nc6 Kg6 61.Nxe5+ dxe5 62.Kf3 Kf5 63.Nd2 Bb4
64.Ne4 Ba5 65.d6 Ke6 66.Ng5+ Kf5 67.Ne4 Bd8 68.Nc5 Bb6 69.d7 Bc7 70.Ne4 h3
71.Nf2 h2 72.Kg2 e4 73.Nxe4 Kxe4 74.Kh1 Kd5 75.Kg2 Kc6 76.d8=Q Bxd8  1/2-1/2

[Event "62nd ch-POL"]
[Site "Poznan POL"]
[Date "2005.04.23"]
[Round "3"]
[White "Wojtaszek,R"]
[Black "Moranda,W"]
[Result "1-0"]
[WhiteElo "2569"]
[BlackElo "2452"]

1.Nf3 Nf6 2.c4 g6 3.g3 Bg7 4.Bg2 O-O 5.O-O c5 6.d4 d6 7.Nc3 Nc6 8.dxc5 dxc5
9.Be3 Be6 10.Qa4 Qa5 11.Qxa5 Nxa5 12.Bxc5 Nd7 13.Bd4 Nxc4 14.Bxg7 Kxg7 15.Nd4 Nd6
16.Nxe6+ fxe6 17.Rfd1 Nf6 18.Rac1 Rac8 19.Bh3 Kf7 20.e3 Nfe4 21.Ne2 Rxc1
22.Rxc1 Rc8 23.Rxc8 Nxc8 24.Nd4 Ng5 25.Bg2 Nd6 26.f4 Nge4 27.Kf1 Nc5 28.Ke2 Kf6
29.g4 e5 30.g5+ Kg7 31.fxe5 Nc4 32.b4 Na6 33.Bd5 Nxe5 34.a3 Nc7 35.Bxb7 Nc4
36.a4 a5 37.bxa5 Nxa5 38.Be4 Kf7 39.Nc6 Nc4 40.Bc2 e6 41.Kd3 Nd6 42.Kd4 Ke8
43.a5 Kd7 44.Ne5+  1-0

[Event "7th Rector Cup"]
[Site "Kharkiv UKR"]
[Date "2005.04.25"]
[Round "6"]
[White "Andreikin,D"]
[Black "Tihonov,J"]
[Result "1/2-1/2"]
[WhiteElo "2495"]
[BlackElo "2466"]

1.Nf3 Nf6 2.c4 g6 3.g3 Bg7 4.Bg2 O-O 5.d4 d6 6.Nc3 Bg4 7.h3 Bxf3 8.Bxf3 Nc6
9.O-O Nd7 10.e3 Nb6 11.Be2 a5 12.Nb5 e5 13.b3 exd4 14.exd4 Ne7 15.Ba3  1/2-1/2

[Event "Open"]
[Site "Lenk SUI"]
[Date "2005.04.25"]
[Round "3"]
[White "Djuric,S"]
[Black "Duratti,L"]
[Result "1-0"]
[WhiteElo "2459"]
[BlackElo "2212"]

1.Nf3 Nf6 2.c4 g6 3.g3 Bg7 4.Bg2 O-O 5.O-O d5 6.cxd5 Nxd5 7.d4 c6 8.e4 Nc7
9.h3 Be6 10.Nc3 Nba6 11.Re1 Qd7 12.Kh2 Rad8 13.Be3 f6 14.Qd2 Na8 15.d5 Bf7
16.Rad1 c5 17.e5 fxe5 18.Bh6 Nb6 19.Bxg7 Kxg7 20.Nxe5 Qc8 21.Ng4 Rde8 22.Ne4  1-0

[Event "23rd Liechtenstein Open"]
[Site "Triesen LIE"]
[Date "2005.04.29"]
[Round "1"]
[White "Dittmar,P"]
[Black "Torricelli,A"]
[Result "1-0"]
[WhiteElo "2319"]
[BlackElo "1972"]

1.c4 g6 2.g3 Bg7 3.Bg2 Nf6 4.Nf3 O-O 5.O-O d5 6.cxd5 Nxd5 7.Nc3 c6 8.Qb3 Nb6
9.d3 Na6 10.Bg5 h6 11.Be3 Be6 12.Qc2 Nc7 13.Qd2 Kh7 14.Rfc1 Ncd5 15.Bd4 Nxc3
16.bxc3 f6 17.Rab1 Bg4 18.h3 Bxf3 19.Bxf3 e5 20.Bc5 Re8 21.Qc2 f5 22.h4 Re6
23.Qb3 Qf6 24.a4 Nd7 25.Qxb7 Nxc5 26.Qxa8 e4 27.dxe4 f4 28.Qxa7 Nxe4 29.Bxe4 Rxe4
30.Rb7 fxg3 31.fxg3 Rxe2 32.Rf1  1-0

[Event "IM"]
[Site "Ostrava CZE"]
[Date "2005.04.30"]
[Round "1"]
[White "Splosnov,S"]
[Black "Michalik,P"]
[Result "1/2-1/2"]
[WhiteElo "2369"]
[BlackElo "2244"]

1.Nf3 Nf6 2.c4 g6 3.g3 Bg7 4.Bg2 O-O 5.d4 d6 6.O-O Nbd7 7.Nc3 c6 8.e4 e5
9.h3 Qc7 10.Be3 b6 11.Rc1 Bb7 12.Qd2 Rfe8 13.d5 c5 14.Bh6 a6 15.Nh2 Rab8
16.a4 Nf8 17.Ng4 Nxg4 18.hxg4 Bxh6 19.Qxh6 f6 20.g5 fxg5 21.Qxg5 Qg7 22.Bh3 Bc8
23.Bxc8 Rexc8 24.Nd1 Rc7 25.Ne3 h5 26.Ng2 Nh7 27.Qd2 Rf7 28.Nh4 Rbf8 29.f3 Rf6
30.Kg2 a5 31.b3 Qe7 32.Rh1 Kg7 33.Rcf1 R6f7 34.Qe3 Qg5 35.Qxg5 Nxg5 36.Rhg1 Rf6
37.Rh1  1/2-1/2

[Event "ch-FRA Top 16 Poule Basse"]
[Site "Port Barcares FRA"]
[Date "2005.05.05"]
[Round "9"]
[White "Vaganian,R"]
[Black "Kasimdzhanov,R"]
[Result "1/2-1/2"]
[WhiteElo "2631"]
[BlackElo "2670"]

1.Nf3 Nf6 2.g3 g6 3.Bg2 Bg7 4.c4 O-O 5.d4 d6 6.O-O Nc6 7.Nc3 a6 8.h3 Bd7
9.e4 e5 10.dxe5 dxe5 11.Re1 h6 12.Nd5 Nh7 13.Be3 Ng5 14.Nxg5 hxg5 15.Qd2 g4
16.hxg4 Bxg4 17.f3 Be6 18.Rf1 f5 19.exf5  1/2-1/2

[Event "ch-FRA Top 16 Poule Basse"]
[Site "Port Barcares FRA"]
[Date "2005.05.05"]
[Round "9"]
[White "Guadalpi,D"]
[Black "Clery,N"]
[Result "1-0"]
[WhiteElo "2317"]
[BlackElo "2303"]

1.c4 Nf6 2.Nf3 g6 3.g3 Bg7 4.Bg2 O-O 5.O-O d6 6.d4 Nbd7 7.Nc3 e5 8.e4 c6
9.h3 exd4 10.Nxd4 Nc5 11.Re1 Re8 12.Rb1 a5 13.b3 Qc7 14.Bb2 Nfd7 15.f4 Nf6
16.Qd2 h5 17.Rbd1 Bd7 18.Qf2 Re7 19.Ba3 b6 20.e5 dxe5 21.Ncb5 cxb5 22.Bxa8 Qd8
23.Nc6 Qxa8 24.Nxe7+ Kh8 25.Bxc5 Bxh3 26.Bxb6 Qb7 27.Nd5  1-0

[Event "23rd Liechtenstein Open"]
[Site "Triesen LIE"]
[Date "2005.05.07"]
[Round "9"]
[White "Dizdar,G"]
[Black "Solleveld,Maa"]
[Result "1/2-1/2"]
[WhiteElo "2524"]
[BlackElo "2466"]

1.Nf3 Nf6 2.g3 g6 3.Bg2 Bg7 4.c4 O-O 5.d4 d6 6.Nc3 Nc6 7.d5 Na5 8.b3 Nxd5
9.Nxd5 Bxa1 10.Bd2 c6 11.Nxe7+ Qxe7 12.Qxa1 Re8 13.O-O b6 14.Bg5 Qe6 15.Bh6 f6
16.Nd4 Qf7 17.Nxc6 Nxc6 18.Bxc6 Bb7 19.Bxe8 Rxe8 20.Be3 d5 21.c5 bxc5 22.Bxc5 Ba6
23.Re1 Rxe2 24.Rxe2 Bxe2 25.Qe1 Bg4 26.Qb4 Qc7 27.Kg2 Qc8 28.f3 Be6 29.g4 a6
30.Kg3 Qc6 31.a4 Bc8 32.Qd4 Kf7 33.Bb4 Qc7+ 34.Qf4 Qxf4+ 35.Kxf4 d4 36.Bc5 Be6
37.b4 Bd7 38.Bxd4  1/2-1/2

[Event "ch-ARM w"]
[Site "Yerevan ARM"]
[Date "2005.05.14"]
[Round "2"]
[White "Danielian,E"]
[Black "Aginian,N"]
[Result "1-0"]
[WhiteElo "2415"]
[BlackElo "2380"]

1.Nf3 Nf6 2.g3 g6 3.Bg2 Bg7 4.c4 O-O 5.O-O d5 6.cxd5 Nxd5 7.d4 Nb6 8.Nc3 Nc6
9.d5 Na5 10.Qc2 c6 11.dxc6 Nxc6 12.Rd1 Bd7 13.a4 a5 14.Bf4 Qc8 15.Rac1 Nb4
16.Qe4 Qe8 17.Qxb7 Ra6 18.Ne5 Bxa4 19.Nxa4 Qxa4 20.Nc6 Bxb2 21.Nxe7+ Kg7
22.Rd6 Bxc1 23.Be5+ Kh6 24.Nf5+ Kg5 25.h4+  1-0

[Event "30th Elekes Mem IM"]
[Site "Budapest HUN"]
[Date "2005.05.24"]
[Round "4"]
[White "Lorincz,I"]
[Black "Koneru,C"]
[Result "1/2-1/2"]
[WhiteElo "2296"]
[BlackElo "2305"]

1.Nf3 Nf6 2.c4 g6 3.g3 Bg7 4.Bg2 O-O 5.O-O d6 6.d4 Nbd7 7.Nc3 e5 8.b3 Re8
9.e3 c6 10.Bb2 e4 11.Nd2 d5 12.Rc1 a6 13.Rc2 b6 14.a4 Bf8 15.Qa1 Bb7 16.cxd5 cxd5
17.Rfc1 Bd6 18.Ba3 Qe7 19.Ncb1 Rec8 20.Bxd6 Qxd6 21.Qa3 Qxa3 22.Nxa3 Rxc2
23.Rxc2 Rc8 24.f3 Rxc2 25.Nxc2 exf3 26.Bxf3 Kf8 27.b4 a5 28.bxa5 bxa5 29.Nb3 Bc6
30.Nxa5 Bxa4 31.Nb4 Nb6 32.Nb7 Bd7 33.h4 Bg4 34.Kf2 Bf5 35.Nc5 h6 36.Nc6 Be4
37.Bxe4 Nxe4+ 38.Nxe4 dxe4 39.g4 Nd5 40.g5 hxg5 41.hxg5 Ke8 42.Kg3 Kd7 43.Ne5+ Ke6
44.Nc4 f6 45.gxf6  1/2-1/2

[Event "TCh-ROM A"]
[Site "Tusnad ROM"]
[Date "2005.05.24"]
[Round "4"]
[White "Grunberg,M"]
[Black "Nacu,M"]
[Result "1/2-1/2"]
[WhiteElo "2421"]
[BlackElo "2187"]

1.Nf3 Nf6 2.c4 g6 3.g3 Bg7 4.Bg2 O-O 5.O-O d6 6.d4 Nbd7 7.Nc3 e5 8.e4 c6
9.b3 Re8 10.h3 exd4 11.Nxd4 Nc5 12.Re1 a5 13.Bf4 Nh5 14.Be3 Nf6 15.Qc2 Nfd7
16.Rad1 Qe7 17.f4 Nf8 18.Bf2 Nfe6 19.Qd2 Qf6 20.Nxe6 Nxe6 21.Na4 c5 22.Qxd6 Rd8
23.e5 Rxd6 24.exf6 Rxd1 25.Rxd1 Bxf6 26.Nxc5 Nxc5 27.Bxc5 a4 28.b4 a3 29.g4 h6
30.Bd5 Kg7 31.Re1 Ra4 32.Re8 Bd7 33.Rb8 Bc6 34.Bxc6 bxc6 35.Kf2 Bc3 36.g5 hxg5
37.fxg5 Be5 38.Rc8  1/2-1/2

[Event "TCh-ROM A"]
[Site "Tusnad ROM"]
[Date "2005.05.25"]
[Round "5"]
[White "Handorean,P"]
[Black "Motoc,A"]
[Result "0-1"]
[WhiteElo "2024"]
[BlackElo "2270"]

1.c4 Nf6 2.Nf3 g6 3.g3 Bg7 4.Bg2 O-O 5.O-O d6 6.d4 Nc6 7.Nc3 Rb8 8.h3 a6
9.a4 Na5 10.b3 c5 11.Bb2 Qb6 12.dxc5 Qxb3 13.Qxb3 Nxb3 14.cxd6 Nxa1 15.dxe7 Re8
16.Rxa1 Be6 17.Ne5 Nd7 18.Nxd7 Bxd7 19.Rb1 Rxe7 20.Ba3 Ree8 21.Ne4 Bf5 22.f3 Bd4+
23.Kh2 Bxe4 24.fxe4 b6 25.Bd6 Rbc8 26.Rc1 Re6 27.e5 Bxe5 28.Bxe5 Rxe5 29.Rc2 b5
30.axb5 axb5 31.Bd5 Rxd5  0-1

[Event "TCh-IRI"]
[Site "Tehran IRI"]
[Date "2005.05.26"]
[Round "1"]
[White "Salehzadeh,M"]
[Black "Mamedov,Nid"]
[Result "0-1"]
[WhiteElo "2166"]
[BlackElo "2463"]

1.Nf3 Nf6 2.c4 g6 3.g3 Bg7 4.Bg2 O-O 5.O-O d6 6.d4 Nc6 7.Nc3 Bg4 8.d5 Na5
9.Nd2 c5 10.Qc2 a6 11.Rb1 Rb8 12.a3 Qc7 13.a4 Bf5 14.e4 Bd7 15.h3 e5 16.dxe6 fxe6
17.b3 Nc6 18.Nf3 Nd4 19.Qd3 Bc6 20.Be3 e5 21.Bg5 Nd7 22.Ne1 b5 23.axb5 axb5
24.cxb5 Bxb5 25.Nxb5 Rxb5 26.Nc2 Rfb8 27.Nxd4 exd4 28.Qc4+ Kh8 29.Bf4 Rb4
30.Qe6 Ne5 31.Bxe5 dxe5 32.Rbc1 Rxb3 33.h4 R3b6 34.Qd5 Rc6 35.h5 c4 36.hxg6 hxg6
37.Bf3 Rd8 38.Qb5 Bh6 39.Ra1 Rb6 40.Qa4 c3 41.Be2 c2 42.Qa3 Rc6 43.Rac1 Rc3
44.Qa6 Kg7 45.f4 Rxg3+ 46.Kf2 Bxf4 47.Bd3 Rd6 48.Qa8 Rxd3 49.Rh1 Rd8  0-1

[Event "TCh-IRI"]
[Site "Tehran IRI"]
[Date "2005.06.09"]
[Round "3"]
[White "Banirashid,S"]
[Black "Toufighi,H"]
[Result "1/2-1/2"]
[WhiteElo "2242"]
[BlackElo "2194"]

1.Nf3 Nf6 2.g3 g6 3.Bg2 Bg7 4.c4 O-O 5.O-O Nc6 6.d4 d6 7.d5 Na5 8.Nbd2 c5
9.a3 Qc7 10.Qc2 b5 11.cxb5 Nxd5 12.e4 Nb6 13.Rb1 Qd7 14.b4  1/2-1/2

[Event "Open"]
[Site "Mielo POL"]
[Date "2005.06.17"]
[Round "8"]
[White "Sokolowski,Ry"]
[Black "Panocki,A"]
[Result "0-1"]
[WhiteElo "2205"]
[BlackElo "2160"]

1.Nf3 Nf6 2.c4 g6 3.g3 Bg7 4.Bg2 O-O 5.d4 d5 6.O-O dxc4 7.Na3 c3 8.bxc3 c5
9.e3 Nc6 10.Qe2 Qa5 11.Bb2 Nd5 12.Rfc1 Nb6 13.Nd2 cxd4 14.exd4 Na4 15.Nac4 Qa6
16.Ba3 Nxc3 17.Rxc3 Nxd4 18.Qxe7 Nb5 19.Rac1 Nxc3 20.Rxc3 Bh3 21.Rc1 Bxg2
22.Kxg2 Rfe8 23.Qd6 Re6 24.Qd5 h6 25.Rb1 Rb8 26.Rb3 Qc6 27.Qxc6 Rxc6 28.Ne3 b6
29.Ne4 Re8 30.Kf3 Rce6 31.Nd6 Rd8 32.Nb5 Rd2 33.Kg2 a5 34.Bc1 Rxa2 35.Nd5 a4
36.Rf3 Re1 37.Be3 g5 38.Bxb6 Raa1 39.Nf6+ Bxf6 40.Rxf6 g4 41.f3 Rab1 42.Nc3 gxf3+
43.Kh3 Rxb6 44.Rxb6 f2 45.Rf6 f1=Q+ 46.Rxf1 Rxf1 47.Nxa4 Kg7 48.Nc3 Kg6 49.Nd5 Kg5
50.Kg2 Rd1 51.Nf4 Rd2+ 52.Kh3 Kf5 53.Nh5 Rf2 54.g4+ Ke4 55.Ng3+ Kf4 56.Nh5+ Kf3
57.Nf6 Rd2 58.Ng8 Rd6 59.Kh4 Rg6 60.Ne7 Rxg4+ 61.Kh5 Re4 62.Ng8 Re6 63.Nxh6 Rxh6+
64.Kxh6 Kg4 65.h3+ Kh4  0-1

[Event "White Nights"]
[Site "St Petersburg RUS"]
[Date "2005.06.22"]
[Round "5"]
[White "Mishuchkov,N"]
[Black "Frolochkin,V"]
[Result "1/2-1/2"]
[WhiteElo "2386"]
[BlackElo "2208"]

1.Nf3 Nf6 2.c4 g6 3.g3 Bg7 4.Bg2 O-O 5.O-O d6 6.d4 Nc6 7.Nc3 e5 8.dxe5 dxe5
9.Qxd8 Rxd8 10.Bg5 Rf8 11.Nd5 Nxd5 12.cxd5 Nd4 13.Nxd4 exd4 14.Rfd1 Bg4 15.Rd2 Rac8
16.h3 Bd7 17.Rc1 Rfe8 18.Bf4 c5 19.dxc6 bxc6 20.Bd6 Be6 21.b4 Red8 22.Bc5 Rd7
23.Rcd1 a6 24.f4 h5 25.Kf2 Bf6 26.Bxd4 Bxd4+ 27.Rxd4 Rxd4 28.Rxd4 Bxa2 29.Rd6 c5
30.Rxa6 Bc4 31.Rb6 cxb4 32.f5 b3 33.fxg6 f5 34.Bf3 Rc5 35.Rb4 Kg7 36.Ke3 Rb5
37.Rxb5 Bxb5 38.Kd2 h4 39.gxh4 Kxg6 40.Kc3 Bxe2 41.Bxe2 f4 42.Bf3 Kg7 43.Kxb3 Kh8
44.Kc4 Kg7 45.Kd5 Kh8 46.Ke5 Kg7 47.Kf5 Kh8 48.Kg6 Kg8 49.h5 Kh8 50.h6 Kg8  1/2-1/2

[Event "White Nights"]
[Site "St Petersburg RUS"]
[Date "2005.06.25"]
[Round "8"]
[White "Smirnov,Sergei"]
[Black "Barhudarian,R"]
[Result "0-1"]
[WhiteElo "2278"]
[BlackElo "2099"]

1.Nf3 Nf6 2.c4 g6 3.g3 Bg7 4.Bg2 O-O 5.d4 d5 6.cxd5 Nxd5 7.O-O Nb6 8.Nc3 Nc6
9.e3 e5 10.d5 Ne7 11.e4 Nc4 12.b3 Nd6 13.Bb2 Bg4 14.h3 Bxf3 15.Qxf3 f5 16.Qe2 Qd7
17.Rac1 Rac8 18.Rfd1 Rf7 19.h4 Rcf8 20.Bh3 Qd8 21.Rf1 Kh8 22.h5 gxh5 23.exf5 Nexf5
24.Qxh5 Nd4 25.Bg2 Rf5 26.Qg4 Qf6 27.Ba3 Rxf2 28.Ne4 Rxf1+ 29.Rxf1 Qe7 30.Rxf8+ Qxf8
31.Bxd6 cxd6 32.Qd7 Bh6 33.Qxd6 Be3+ 34.Kh2 Qxd6 35.Nxd6 b6 36.Nc4 Bg5 37.Nxe5 Bf6
38.Ng4 Be7 39.Ne3 Kg7 40.Be4 h6 41.Kh3 Kf6 42.Ng4+ Kg5 43.Nf2 Nb5 44.Bf3 Nd6
45.Nd3 a5 46.Ne5 Bf6 47.Nd3 Bd4 48.Kg2 Kf5 49.Kf1 Nf7 50.Ke2 Nd6 51.Nf4 Be5
52.Ke3 Kf6 53.Bg4 Kg5 54.Bd7 Kf6 55.Kf3 Kg5 56.Nd3 Bd4 57.Nf4 Be5 58.Ne6+ Kf6
59.Nc7 Ke7 60.Bh3 Kf6 61.Bf1 Ke7 62.Bd3 Kf6 63.Kg4 Ne4 64.Nb5 Nf2+ 65.Kh5 Nxd3
66.g4 Bf4 67.Nd4 Bg5 68.d6 Nf4+  0-1

[Event "6th EICC"]
[Site "Warsaw POL"]
[Date "2005.06.29"]
[Round "11"]
[White "Iljin,A"]
[Black "Nataf,IA"]
[Result "1/2-1/2"]
[WhiteElo "2484"]
[BlackElo "2559"]

1.Nf3 Nf6 2.c4 g6 3.g3 Bg7 4.Bg2 O-O 5.O-O c6 6.d4 d5 7.Nbd2 a5 8.b3 Bf5
9.e3 a4 10.Ba3 Re8 11.Qe2 Ne4 12.Rfc1 Nxd2 13.Qxd2 Be4 14.Qe2 axb3 15.axb3 Qb6
16.Qd1 Nd7 17.Bh3 Bxf3 18.Qxf3 e6 19.cxd5 cxd5 20.Qd1 Bf8 21.Bb2 Rxa1 22.Rxa1 Rc8
23.Qd3 Nf6 24.Bf1 Qc6 25.Rc1 Qd7 26.Rxc8 Qxc8 27.f3 Qc6 28.Bc3 Qb6 29.Qb5 Qc7
30.Ba5 Qc1 31.Kf2 Bh6 32.Qd3 Qb2+ 33.Be2 Qa1 34.Be1 Bf8 35.Qb5 Bh6 36.Qa5 Qc1
37.Qd8+ Kg7 38.Bb4 Bxe3+ 39.Kg2 Ng8 40.Qf8+ Kh8 41.Qxf7 Qb2 42.Kf1 Qc1+ 43.Kg2 Qc2
44.Kf1 Qc6 45.f4 Bxd4 46.Be1 Nf6 47.Qf8+ Ng8 48.Qf7 Bg7 49.Bg4 Qb5+ 50.Kg2 Qxb3
51.Bxe6 Nf6 52.Qc7 h5 53.Bc3 Qc2+ 54.Kh3 Kh7 55.Be5 Qxc7 56.Bxc7 d4 57.Kg2 d3
58.Kf3 d2 59.Ke2 Ne4 60.Bb3 Bc3 61.Bc2 Nf6 62.Be5 Bxe5 63.fxe5 Ng4 64.e6 Kg7
65.e7 Nf6 66.Bb3 Ne8 67.Kxd2 Kf6 68.Bc2 g5 69.Bd1 g4 70.Ke3 Kxe7 71.Kf4 Kf6
72.h3 gxh3 73.Bxh5 h2 74.Bf3 b5 75.Kg4 b4 76.Kh3 Nd6 77.Kxh2 Nb5 78.Bd1  1/2-1/2

[Event "Open A"]
[Site "Klatovy CZE"]
[Date "2005.07.04"]
[Round "3"]
[White "Gschwendtner,S"]
[Black "Turner,Ja"]
[Result "0-1"]
[WhiteElo "2165"]
[BlackElo "2346"]

1.c4 Nf6 2.Nf3 g6 3.g3 Bg7 4.Bg2 O-O 5.O-O d6 6.Nc3 c6 7.Rb1 d5 8.cxd5 cxd5
9.d3 Nc6 10.Bd2 d4 11.Na4 Be6 12.a3 Bd5 13.b4 b6 14.b5 Na5 15.Rb4 Ne8 16.Qb1 Rc8
17.Rc1 Rxc1+ 18.Bxc1 Qd7 19.Bf4 Qb7 20.Ne1 Bxg2 21.Nxg2 Nc7 22.Bxc7 Qxc7
23.Nf4 e5 24.Nd5 Qd6 25.e4 dxe3 26.Nxe3 Rd8 27.Nb2 Qe6 28.Nec4 Nxc4 29.Rxc4 Bf8
30.a4 Bc5 31.Qc2 Qd5 32.Qe2 Kg7 33.h4 Rd6 34.Qe4 Qe6 35.Kg2 f5 36.Qb7+ Rd7
37.Qa8 e4 38.d4 Rxd4 39.Rxc5 bxc5 40.Qxa7+ Rd7 41.Qxc5 e3 42.Qc3+ Kh6 43.fxe3 Qd5+  0-1

[Event "DS"]
[Site "Brno CZE"]
[Date "2005.07.06"]
[Round "7"]
[White "Splosnov,S"]
[Black "Ponizil,C"]
[Result "1-0"]
[WhiteElo "2369"]
[BlackElo "2156"]

1.Nf3 Nf6 2.c4 g6 3.g3 Bg7 4.Bg2 O-O 5.O-O d6 6.d4 c6 7.Nc3 Nbd7 8.e4 e5
9.h3 Qa5 10.Be3 Nb6 11.Nd2 exd4 12.Bxd4 Be6 13.Qf3 Nbd7 14.Qd1 c5 15.Be3 Ne5
16.Nd5 Nxd5 17.cxd5 Bd7 18.f4 Bb5 19.fxe5 Bxf1 20.Qxf1 Bxe5 21.Nc4 Qb4 22.Nxe5 dxe5
23.Qf6 Qb6 24.d6  1-0

[Event "20th North Sea Cup"]
[Site "Esbjerg DEN"]
[Date "2005.07.06"]
[Round "6"]
[White "Radovic,S"]
[Black "Hornsgaard,J"]
[Result "0-1"]
[WhiteElo "2224"]
[BlackElo "2050"]

1.Nf3 Nf6 2.c4 g6 3.g3 Bg7 4.Bg2 O-O 5.O-O d6 6.Nc3 e5 7.d3 Nc6 8.Bd2 h6
9.Rc1 Be6 10.a3 a5 11.e3 Qd7 12.Qc2 Rad8 13.e4 Nh5 14.Rb1 f5 15.exf5 gxf5
16.b4 axb4 17.axb4 Nf6 18.b5 Ne7 19.Nh4 c6 20.Ra1 d5 21.Rfd1 Qe8 22.Ra7 Rd7
23.Na4 Qb8 24.b6 dxc4 25.Nc5 cxd3 26.Qc1 Bf7 27.Nxd7 Nxd7 28.Bxh6 f4 29.Bxg7 Kxg7
30.Qb2 Bc4 31.Qb4 Nd5 32.Qxc4 N7xb6 33.Qe4 Qxa7 34.Qg6+ Kh8 35.Be4 Nf6 36.Qh6+ Kg8
37.Nf5 Ne8 38.Ne7+ Kf7 39.Ng6 Nd7 40.Qh7+ Ng7 41.Nxf8 Nxf8 42.Bxd3 Nxh7  0-1

[Event "LXVIII ch-CRC"]
[Site "San Jose Julio CRC"]
[Date "2005.07.08"]
[Round "7"]
[White "Minero Pineda,S"]
[Black "Leandro,J"]
[Result "1-0"]
[WhiteElo "2440"]
[BlackElo "2133"]

1.Nf3 Nf6 2.c4 g6 3.g3 Bg7 4.Bg2 O-O 5.d4 d5 6.cxd5 Nxd5 7.Nc3 Nb6 8.O-O c6
9.h3 Na6 10.e4 Re8 11.a4 Be6 12.Re1 h6 13.Kh2 Nb4 14.a5 Nd7 15.Ra4 Na6 16.d5 Ndc5
17.dxe6 Bxc3 18.exf7+ Kxf7 19.Rc4 Bxe1 20.Ne5+ Ke6 21.Qg4+ Kxe5 22.Qxg6  1-0

[Event "Open"]
[Site "Barbera del Valles ESP"]
[Date "2005.07.09"]
[Round "6"]
[White "Rotstein,A"]
[Black "De la Paz,F"]
[Result "1-0"]
[WhiteElo "2520"]
[BlackElo "2464"]

1.c4 Nf6 2.Nf3 g6 3.g3 Bg7 4.Bg2 O-O 5.O-O d6 6.Nc3 Nc6 7.Rb1 e5 8.d3 Nh5
9.b4 f5 10.b5 Ne7 11.Nd5 Nxd5 12.cxd5 f4 13.Rb4 g5 14.Rc4 Bf5 15.Qc2 Rf7
16.Bd2 h6 17.Rc1 Rc8 18.Qa4 Nf6 19.Qxa7 Ra8 20.Qxb7 c5 21.dxc6 Rxb7 22.cxb7 Rb8
23.Rc7 Ne8 24.b6 d5 25.Bb4 Qf6 26.R1c6 Nxc7 27.Rxf6 Bxf6 28.bxc7 Rxb7 29.Nd4 e4
30.Nxf5 Rxc7 31.dxe4 Rc1+ 32.Bf1 dxe4 33.gxf4 gxf4 34.Bd2 Rc5 35.Nxh6+ Kg7
36.Ng4 Bg5 37.h4 Rc2 38.hxg5 Rxd2 39.Nf6 e3 40.Nh5+  1-0

[Event "16th Open"]
[Site "Ljubljana SLO"]
[Date "2005.07.10"]
[Round "2"]
[White "Kukovec,B"]
[Black "Saric,A"]
[Result "0-1"]
[WhiteElo "2198"]
[BlackElo "2469"]

1.Nf3 Nf6 2.c4 g6 3.g3 Bg7 4.Bg2 O-O 5.O-O c6 6.Nc3 d6 7.d3 a6 8.Nd2 d5 9.Rb1 a5
10.a3 d4 11.Na4 Ra7 12.Qb3 Na6 13.Qb6 Qxb6 14.Nxb6 Bg4 15.Nf3 Nd7 16.Nxd7 Bxd7
17.b4 axb4 18.axb4 Nc7 19.Bb2 e5 20.e3 Bf5 21.Rfd1 dxe3 22.fxe3 e4 23.Bxg7 Kxg7
24.Nd4 Bg4 25.Rd2 exd3 26.Rxd3 Ne6 27.h3 Nxd4 28.Rxd4 Bf5 29.Rb2 Re8 30.g4 Bc8
31.Re4 Be6 32.c5 Ra1+ 33.Kf2 Rc1 34.Rd4 Ra8 35.Rdd2 Ra4 36.Be4 Raa1 37.Bg2 Ra4
38.Be4 Kf6 39.Rdc2 Rxc2+ 40.Bxc2 Ra3 41.Be4 Ke5 42.Bf3 Rc3 43.Rd2 Rc4 44.Rb2 g5
45.Ke2 f5 46.Kd3 Rc1 47.Rg2 Rb1  0-1

[Event "LXVIII ch-CRC"]
[Site "San Jose Julio CRC"]
[Date "2005.07.10"]
[Round "9"]
[White "Minero Pineda,S"]
[Black "Murillo,Alex"]
[Result "1-0"]
[WhiteElo "2440"]
[BlackElo "2362"]

1.Nf3 Nf6 2.c4 g6 3.g3 Bg7 4.Bg2 O-O 5.d4 d5 6.cxd5 Nxd5 7.O-O Nb6 8.Nc3 Nc6
9.e3 Be6 10.b3 a5 11.a4 Nd5 12.Ne2 Rb8 13.Ba3 Bf5 14.Nd2 Bc8 15.Rc1 Re8 16.Nc4 b6
17.e4 Ndb4 18.d5 Na7 19.Bxb4 axb4 20.Qd2 c5 21.e5 e6 22.d6 Bd7 23.f4 Qc8
24.g4 f6 25.g5 f5 26.Qe3 Qa6 27.Ra1 Bc6 28.Bxc6 Nxc6 29.Qf3 b5 30.axb5 Qxb5
31.Ra4 h6 32.h4 hxg5 33.hxg5 Ra8 34.Rfa1 Rxa4 35.Rxa4 Rd8 36.Kg2 Kf7 37.Ra1 Rd7
38.Kf2 Rd8 39.Kg3 Rd7 40.Qe3 Rd8 41.Rc1 Nb8 42.Nb2 Nd7 43.Nd3 Rc8 44.Rc4 Rc6
45.Ng1 Nb6 46.Rxc5 Rxc5 47.Nxc5 Nd5 48.Qf2 Nc3 49.Kh2 Bf8 50.Qd4 Ne2 51.Nxe2 Qxe2+
52.Kg3 Qg4+ 53.Kf2 Qh4+ 54.Ke2 Qg4+ 55.Kd3  1-0

[Event "inAUTOmarket Open"]
[Site "Minsk BLR"]
[Date "2005.07.11"]
[Round "2"]
[White "Danielian,E"]
[Black "Gritsenko,An"]
[Result "1-0"]
[WhiteElo "2433"]
[BlackElo "2322"]

1.Nf3 Nf6 2.g3 g6 3.Bg2 Bg7 4.c4 O-O 5.d4 d6 6.O-O Nbd7 7.Nc3 e5 8.h3 exd4
9.Nxd4 c6 10.e4 a5 11.Re1 Re8 12.Rb1 Nc5 13.Kh2 Qe7 14.Bf4 Nfd7 15.Be3 Ne5
16.b3 a4 17.f4 Ned3 18.Re2 axb3 19.axb3 Nb4 20.Bg1 Bd7 21.Qd2 Rad8 22.Nc2 Nxc2
23.Qxc2 Ne6 24.Rd1 Qf6 25.Na4 c5 26.Rxd6 Bxa4 27.e5 Qe7 28.Rxd8 Qxd8 29.bxa4 Nd4
30.Bxd4 Qxd4 31.Rd2 Qe3 32.Qd3 Qxd3 33.Rxd3 Ra8 34.Rd7 Rxa4 35.Bd5 Ra2+ 36.Kh1 Ra1+
37.Kg2 Ra2+ 38.Kf3 Ra3+ 39.Ke4 Rxg3 40.Bxf7+ Kf8 41.Be6 h6 42.Rxb7 Rg1 43.Kd5 g5
44.Kd6 Bh8 45.f5 Rd1+ 46.Bd5  1-0

[Event "inAUTOmarket Open"]
[Site "Minsk BLR"]
[Date "2005.07.13"]
[Round "4"]
[White "Danielian,E"]
[Black "Kochetkov,G"]
[Result "0-1"]
[WhiteElo "2433"]
[BlackElo "2316"]

1.Nf3 Nf6 2.g3 g6 3.Bg2 Bg7 4.c4 O-O 5.O-O a6 6.d4 Nc6 7.Nc3 Rb8 8.d5 Na5
9.c5 b6 10.cxb6 cxb6 11.e4 d6 12.Nd4 Bd7 13.b3 Rc8 14.Bb2 e5 15.dxe6 fxe6
16.Nde2 Bc6 17.Qd3 b5 18.Nf4 Re8 19.Rad1 b4 20.Nce2 e5 21.Nd5 Nxd5 22.exd5 Bb5
23.Qd2 Nb7 24.Bh3 Rb8 25.Be6+ Kh8 26.f4 Qb6+ 27.Rf2 Nc5 28.Qe3 Nxe6 29.Qxb6 Rxb6
30.dxe6 Kg8 31.Re1 Rc6 32.fxe5 dxe5 33.g4 Rcxe6 34.Ng3 e4 35.Bxg7 Kxg7 36.Rf4 Bd3
37.Rc1 a5 38.Kf2 e3+ 39.Ke1 R8e7 40.Rc8 Ba6 41.Rc5 e2 42.Rc2 Re5 43.Rd2 Kh6
44.Rf6 Bc8 45.Rd4 Kg5 46.Rff4 Bb7 47.Rf2 Bc8 48.Rff4 Rc7 49.Nxe2 Rce7  0-1

[Event "Politiken Cup"]
[Site "Copenhagen DEN"]
[Date "2005.07.16"]
[Round "1"]
[White "Vul,A"]
[Black "Wiecker,S"]
[Result "1-0"]
[WhiteElo "2425"]
[BlackElo "1985"]

1.Nf3 Nf6 2.c4 g6 3.g3 Bg7 4.Bg2 O-O 5.d4 d6 6.Nc3 Nc6 7.O-O a6 8.b3 Rb8
9.Bb2 b5 10.cxb5 axb5 11.d5 Na5 12.Nd4 Bd7 13.Nc6 Nxc6 14.dxc6 Bf5 15.Qd2 e5
16.e4 Bc8 17.f4 b4 18.Nd5 Nxd5 19.exd5 f5 20.Rfc1 Ba6 21.fxe5 Bxe5 22.Bxe5 dxe5
23.d6 e4 24.d7 Bd3 25.Bf1 Bxf1 26.Qd5+ Kg7 27.Rxf1 Qf6 28.Rad1 Rfd8 29.Rd4 Rb6
30.Rxe4 Rxc6 31.Re8 Rd6 32.Qg8+ Kh6 33.Rxd8 Qd4+ 34.Rf2 Qd1+ 35.Kg2 Rd2 36.Qc4 Rxf2+
37.Kxf2 Qh1 38.Qh4+  1-0

[Event "ITT"]
[Site "Vicente Lopez ARG"]
[Date "2005.07.17"]
[Round "4"]
[White "Flores,Di"]
[Black "Lopez Gonzalez,D"]
[Result "1-0"]
[WhiteElo "2513"]
[BlackElo "2225"]

1.Nf3 Nf6 2.c4 g6 3.g3 Bg7 4.Bg2 O-O 5.O-O c6 6.b3 d5 7.Bb2 Bg4 8.Qc2 Nbd7
9.d3 Re8 10.Nc3 a6 11.b4 e5 12.h3 Bf5 13.e4 dxe4 14.dxe4 Be6 15.Nd1 h6 16.Ne3 Qc7
17.c5 a5 18.a3 Rec8 19.Nc4 Bxc4 20.Qxc4 b6 21.Nh4 bxc5 22.bxc5 Rab8 23.Bc1 Nf8
24.Be3 Rd8 25.Rfd1 Rd7 26.Rdb1 Qd8 27.Rb6 Rc8 28.Kh2 Ra7 29.Qa4 Qc7 30.Bf1 N6d7
31.Ba6 Rb8 32.Rxc6 Qd8 33.Bc4 Bf6 34.Nf3 Be7 35.Qd1 Qe8 36.Bxh6 Nxc5 37.Nxe5 Nce6
38.Bxf8 Bxf8 39.Bxe6 fxe6 40.Qg4 Bg7 41.Rxe6  1-0